000 00528nam a2200181Ia 4500
008 090124s9999 xx 000 0 und d
082 _b114133
100 _aबनहट्टी राजेंद्र
245 _a समानधर्म
250 _a1
260 _c1971
300 _a134
600 _aबनहट्टी राजेंद्र
630 _a समानधर्म
700 _aबनहट्टी राजेंद्र
730 _a समानधर्म
942 _cBOOK
999 _c160224
_d160224